Ranní písnička píseň a slowfox ¨/
| Main Author: | Ducháč, Miloslav, 1924-2008 |
|---|---|
| Other Authors: | Dvořák, Vladimír, 1925-1999 |
| Language: | Czech |
| Published: |
Praha : Státní nakladatelství krásné literatury, 1953 |
| Edition: | 1. vyd. |
| Series: |
Zpíváme
|
| Physical Description: |
1 sv. (nestránkován) |
| LEADER | 00916ncm a22002652a 4500 | ||
|---|---|---|---|
| 001 | 000973207 | ||
| 003 | CZ BrMZK | ||
| 005 | 20100701141415.0 | ||
| 007 | qu | ||
| 008 | 091023s1953 xr |||||||||||||||||cze d | ||
| 040 | |a BOA001 |b cze | ||
| 072 | 7 | |a 784 |x Vokální hudba |2 Konspekt |9 9 | |
| 100 | 1 | |a Ducháč, Miloslav, |d 1924-2008 |7 jn20000400561 |4 cmp | |
| 245 | 1 | 0 | |a Ranní písnička |h [hudebnina] : |b píseň a slowfox ¨/ |c Miloslav Ducháč ; slova Vladimír Dvořák |
| 250 | |a 1. vyd. | ||
| 260 | |a Praha : |b Státní nakladatelství krásné literatury, |c 1953 | ||
| 300 | |a 1 sv. (nestránkován) | ||
| 490 | 1 | |a Zpíváme ; |v 8 | |
| 500 | |a Zpěv s průvodem | ||
| 700 | 1 | |a Dvořák, Vladimír, |d 1925-1999 |7 jk01030209 |4 lyr | |
| 830 | 0 | |a Zpíváme | |
| 910 | |a BOA001 |b Mus1-0311.747 | ||
| 990 | |a MU | ||
| 991 | |b 201007 | ||
| 996 | 6 | |b 2619441887 |c Mus1-0311.747 |l MZK |r Sklad / do 1 hodiny |n 0 |w 000973207 |u 000010 |a 1 |e BOA001 |j MZK50 |s P | |
English
Čeština 